Index librorum prohibitorum ss. Domini Nostri Gregorii XVI Pontificis Maximi jussu editus Romae MDCCCXLI

Detalles Bibliográficos
Formato: Libro
Lenguaje:Latin
Publicado: Monteregali 1852
Materias:
Colección:Banco de datos
Acervo:Biblioteca de la Congregación del Oratorio de San Felipe Neri de México. Iglesia La Profesa
Descripción Física:470 p. 17 cm.
Tema general:Bibliografía
Notas:Encuadernación en cartón con lomo en piel. Sello en tinta del Oratorio de San Felipe Neri de México. Biblioteca La Profesa, D.F. Testigo: impreso en la p. 103. Al final del libro hay dos hojas manuscritas y 36 hojas en blanco
LEADER 00842nam a22001570004500
035 |a 2345 
041 0 |a lat 
245 1 0 |a Index librorum prohibitorum ss. Domini Nostri Gregorii XVI Pontificis Maximi jussu editus Romae MDCCCXLI 
260 |a Monteregali  |b excudebat Petrus Rossi impressor episcopalis, cum speciali approbatione Summi Pontificis Pii IX  |c 1852 
300 |a 470 p.  |c 17 cm. 
500 |a Encuadernación en cartón con lomo en piel. Sello en tinta del Oratorio de San Felipe Neri de México. Biblioteca La Profesa, D.F. Testigo: impreso en la p. 103. Al final del libro hay dos hojas manuscritas y 36 hojas en blanco 
650 1 0 |a Bibliografía 
949 |a Iglesia La Profesa, Biblioteca 4452 
942 |c PROFESA 
943 |g Biblioteca de la Congregación del Oratorio de San Felipe Neri de México. Iglesia La Profesa 
999 |c 949156  |d 949156